| 000 | 00690nam a22002537a 4500 | ||
|---|---|---|---|
| 999 |
_c308475 _d308475 |
||
| 001 | 22259 | ||
| 003 | UA-OsUOA | ||
| 005 | 20200522174205.0 | ||
| 007 | ta | ||
| 008 | 20031217b un ||||| |||| 00| 0 ukr d | ||
| 020 | _a5-318-00035-5 | ||
| 040 |
_aUA-OsUOA _brus _cUA-OsUOA _dUA-OsUOA |
||
| 041 | _arus | ||
| 044 | _aRU | ||
| 080 | _a159.964 | ||
| 090 |
_a159.964 _bД42 |
||
| 245 |
_aИнновационная психотерапия _cред. Д. Джоунс |
||
| 260 |
_aСанкт-Петербург _bПитер _c2001 |
||
| 300 | _a372 с. | ||
| 650 | 7 | _2UDC | |
| 942 |
_cBK _2udc |
||
| 955 | _a0 | ||